000
00256nam a2200097Ia 4500
008
200302s9999 xx 000 0 und d
100
_a
Gerald M. Knox
245
_a
Better Homes and Gardens. Painted Crafts
260
_b
President Book Group
300
_a
192 P.,
999
_c
1448
_d
1448